000 00942nam a22002177a 4500
999 _c2732
_d2732
003 OSt
005 20231213091524.0
008 230817b ||||| |||| 00| 0 eng d
020 _a9780230473102
040 _cKH8
082 _a800 SPE
100 _aSpencer, David,
_eauthor.
245 _aGateway 2nd edition A2 Student's Book Premium Pack /
_cDavid Spencer.
250 _aSecond edition
260 _aLondon;
_bMacmillan Education,
_c2014.
300 _c11.77 x 0.51 x 8.46 inches.
520 _aThe Student's Book Premium Pack contains the print Student's Book with a strong exams focus and exams task familiarization throughout the Student's Book. Access code to the Online Workbook and the Student's Resource Centre which includes the Class audio, Workbook audio, Life skills and Flipped classroom videos and a downloadable Macmillan Reader.
650 _aEnglish
_vStudent's book
650 _aEnglish
_vGrammar
942 _2ddc
_cTR